Statistics for Name The Band By Synonym

Click here to take the quiz!

General Stats

  • This quiz has been taken 24 times
  • The average score is 6 of 10

Answer Stats

HintAnswer% Correct
The MurderersThe Killers
100%
Numbering RavensCounting Crows
96%
WasteGarbage
71%
The Slime Slime PuppetsThe Goo Goo Dolls
71%
PitHole
67%
EnlightenmentNirvana
58%
Visualize LizardsImagine Dragons
54%
Jukebox SkullRadiohead
50%
Strand VMaroon 5
42%
HavenOasis
17%

Score Distribution

Percentile by Number Answered

Percent of People with Each Score

Your Score History

You have not taken this quiz